Sports Quiz

Random Sports Quiz

Arsenal since 1990 Quiz Stats

 Plays Quiz not verified by Sporcle

Challenge
Share
Tweet
Embed
Score 0/175 Timer 10:00
0 Plays Today
year player % Correct
1990/91David Seaman
96.6%
1989/90Tony Adams
94.4%
1995/96Dennis Bergkamp
93.8%
1999/00Thierry Henry
93.2%
1989/90Lee Dixon
91%
1989/90Kevin Campbell
91%
2001/02Soll Campbell
91%
1999/00Ashley Cole
88.7%
1990/91Andrew Cole
88.1%
1991/92Ian Wright
87%
2003/04Jens Lehmann
87%
1989/90Nigel Winterburn
86.4%
2001/02Richard Wright
86.4%
2002/03Kolo Toure
86.4%
2004/05Cesc Fabregas
86.4%
1996/97Patrick Vieira
85.9%
2000/01Robert Pires
85.3%
1991/92Ray Parlour
83.6%
1998/99Freddie Ljungberg
83.6%
1992/93Martin Keown
82.5%
2006/07Theo Walcott
81.4%
1997/98Marc Overmars
80.8%
2007/08Lukasz Fabianski
80.8%
2011/12Per Mertesacker
80.8%
1997/98Emmanuel Petit
79.7%
2008/09Aaron Ramsey
79.7%
2003/04Gael Clichy
79.1%
2007/08Bacary Sagna
79.1%
2008/09Jack Wilshere
79.1%
1989/90Steve Bould
78.5%
2010/11Laurent Koscielny
78%
2012/13Olivier Giroud
78%
2000/01Sylvain Wiltord
77.4%
2013/14Mesut Özil
77.4%
2000/01Bissan Lauren
76.8%
2004/05Robin van Persie
76.8%
1989/90Paul Merson
76.3%
2004/05Manuel Almunia
75.7%
2002/03Gilberto Silva
75.1%
2008/09Kieran Gibbs
75.1%
2010/11Wojciech Szczesny
74.6%
2012/13Santi Cazorla
74%
1989/90Alan Smith
73.4%
2004/05Mathieu Flamini
72.9%
2005/06Emmanuel Adebayor
72.3%
2011/12Alex Oxlade- Chamberlain
72.3%
2000/01Edu
71.8%
2012/13Lukas Podolski
71.8%
2011/12Mikel Arteta
71.2%
2005/06Abou Diaby
70.6%
1998/99Nwankwo Kanu
69.5%
2007/08Nicklas Bendtner
68.9%
2007/08Tomas Rosicky
68.9%
1996/97Nicolas Anelka
67.2%
2004/05Emmanuel Eboue
67.2%
2006/07William Gallas
66.7%
2009/10Thomas Vermaelen
66.1%
2003/04Juan Antonio Reyes
65.5%
2004/05Philippe Senderos
65%
year player % Correct
2008/09Samir Nasri
65%
1997/98Gilles Grimandi
63.8%
2005/06Aleksandr Hleb
63.8%
2008/09Andrei Arshavin
63.8%
2012/13Nacho Monreal
62.1%
2005/06Alex Song
61%
1997/98Alex Manninger
60.5%
2011/12Carl Jenkinson
59.9%
2001/02Francis Jeffers
58.8%
2005/06Johann Djourou
58.8%
2008/09Vito Mannone
58.2%
1995/96David Platt
57.6%
2001/02Giovanni van Bronckhorst
57.6%
2002/03Pascal Cygan
57.6%
1997/98Christopher Wreh
57.1%
2006/07Denilson
57.1%
2010/11Marouane Chamakh
56.5%
1989/90John Lukic
55.9%
1999/00Oleg Luzhny
55.9%
1989/90Michael Thomas
53.7%
1994/95John Hartson
53.7%
2010/11Jay Emmanuel- Thomas
53.7%
1990/91Anders Limpar
52%
2007/08Eduardo da Silva
52%
2010/11Sebastien Squillaci
52%
1992/93John Jensen
50.8%
2001/02Stuart Taylor
48.6%
1999/00Silvinho
46.9%
1999/00Davor Suker
46.9%
2011/12Gervinho
46.9%
1989/90Paul Davis
45.8%
2008/09Mikael Silvestre
44.1%
2001/02Jeremie Aliadiere
42.9%
1989/90David O'Leary
41.8%
1989/90David Rocastle
41.8%
1994/95Stephen Hughes
41.8%
2000/01Igors Stepanovs
41.2%
2013/14Yaya Sanogo
40.7%
1996/97Remi Garde
39.5%
2011/12Andre Santos
39.5%
2011/12Chu- Young Park
39%
2011/12Francis Coquelin
39%
2002/03Jermaine Pennant
38.4%
2007/08Lassana Diarra
38.4%
1990/91Andy Linighan
36.2%
1994/95Stefan Schwarz
36.2%
1997/98Luis Boa Morte
35.6%
1998/99Nelson Vivas
34.5%
2002/03Justin Hoyte
33.9%
2011/12Yossi Benayoun
33.9%
2012/13Serge Gnabry
33.9%
2003/04David Bentley
33.3%
2006/07Julio Baptista
33.3%
2008/09Carlos Vela
33.3%
1991/92Steve Morrow
31.1%
1994/95Glenn Helder
30.5%
1989/90Kevin Richardson
29.9%
2005/06Sebastian Larsson
29.9%
2005/06Kerrea Gilbert
28.2%
year player % Correct
2007/08Armand Traore
27.7%
1990/91David Hillier
27.1%
2011/12Emmanuel Frimpong
27.1%
1992/93Paul Dickov
26.6%
1992/93Ian Selley
26%
2006/07Mart Poom
26%
1989/90Perry Groves
25.4%
1994/95Chris Kiwomya
25.4%
2002/03Rami Shaaban
24.9%
1997/98Matthew Upson
24.3%
2013/14Kim Kallstrom
24.3%
1989/90Niall Quinn
23.7%
1992/93Alan Miller
23.2%
1998/99Kaba Diawara
22%
1993/94Eddie McGoldrick
20.9%
2008/09Fran Merida
20.3%
1992/93Scott Marshall
18.6%
1989/90Brian Marwood
18.1%
1991/92jimmy Carter
18.1%
1989/90Martin Hayes
17.5%
2011/12Ignasi Miquel
17.5%
1991/92Pal Lydersen
16.9%
1997/98Paolo Vernazza
16.9%
1999/00Stefan Malz
16.9%
1994/95Vince Bartram
16.4%
1997/98Alberto Mendez
16.4%
2005/06Arturo Lupoli
16.4%
1994/95Paul Shaw
15.3%
2009/10Henri Lansbury
14.7%
1989/90Colin Pates
14.1%
1994/95Adrian Clarke
14.1%
1989/90Gus Caesar
13.6%
2002/03Stathis Tavlaridis
13.6%
1995/96Matthew Rose
13%
1999/00Tommy Black
12.4%
2013/14Ryo Miyaichi
12.4%
2013/14Chuba Akpom
12.4%
1992/93Mark Flatts
11.9%
1999/00Julian Gray
11.9%
2004/05Quincy Owusu- Abeyie
11.3%
1998/99David Grondin
10.7%
2007/08Mark Randall
10.7%
1996/97Lee Harper
10.2%
1998/99Fabian Caballero
10.2%
1999/00Graham Barrett
10.2%
1989/90Sigurdur Jonsson
9.6%
2000/01Tomas Danilevicius
9.6%
2002/03Ryan Garry
9%
2008/09Amaury Bischoff
7.9%
2009/10Craig Eastmond
7.9%
1991/92Neil Heaney
7.3%
1992/93Gavin McGowan
7.3%
1999/00Rhys Weston
6.2%
2011/12Nico Yennaris
6.2%
1989/90Kwame Ampadu
5.1%
1999/00Brian McGovern
4.5%
1997/98Isaiah Rankin
3.4%

You're not logged in!

Compare scores with friends on all Sporcle quizzes.
Join for Free
OR
Log In

You Might Also Like...

Show Comments

Extras

Created Apr 11, 2014ReportNominate
Tags:1990, Arsenal, player

Top Quizzes Today


Score Distribution

Your Account Isn't Verified!

In order to create a playlist on Sporcle, you need to verify the email address you used during registration. Go to your Sporcle Settings to finish the process.

Report this User

Report this user for behavior that violates our Community Guidelines.

Details: